000 00846nam0a22002411 4500
001 rc\2691301
005 20250623162708.0
035 _a(NLR Aleph) 006819554
090 _a6428748
_c6428748
100 _a20110915d1933 |||y0rusy50 ca
101 0 _arus
102 _aRU
105 _aa j |||||
200 1 _aУчебник органической химии
_fБ. А. Павлов
210 _aМосква
_aЛенинград
_cГосхимтехиздат
_d1933
_eЛенинград
_gтип. им. Евг. Соколовой
215 _aОбл., 303 с.
_cил.
_d22х15 см.
700 1 _aПавлов
_bБ. А.
_cхимик
_f1892-1947
_gБорис Алексеевич
_9194194
_3RU\NLR\AUTH\770194245
801 0 _aRU
_bNLR
_gpsbo
801 1 _aRU
_bELAR
_2rusmarc
852 _aNLR
_j33-4/664
942 _cBOOK
980 _aNB